000 00472nam a2200181 a 4500
005 20260322212023.0
008 data
010 _a61-6270
099 _aSANCH J
100 1 _aLewis, Oscar,
_d1914-
245 1 4 _aThe children of Sanchez :
_bautobiography of a Mexican family /
_cOscar Lewis.
260 _aNew York
_bRandom House
_cc1961
300 _a409 p.
650 0 2 _aFamily
_zMexico
_xhistory
650 0 2 _aMexico
_xhistory
650 4 _aMexico (City)
_xhistory
001 data
999 _c529
_d529